000 00312nam a2200133Ia 4500
003 OSt
005 20240216103924.0
008 170524s9999 xx 000 0 und d
020 _a9780273760597
040 _cIIMT UNIVERSITY MEERUT
100 _aCOULOURIS GEORGE
245 0 _aDISTRIBUTED SYSTEM
942 _2ddc
_c02
999 _c4532
_d4532